000 00942nam a22003017a 4500
003 CHAP
005 20220329141802.0
008 971013s1971 r 00010 d
010 _a73798
011 _a74770
035 _a84329
040 _cCHAP
090 _aTesis
100 0 0 _aCárdenas Soriano, Elizabeth.
_924099
245 _aEstudio anatómico de la madera de 8 especies de leguminosas
260 _aMéxico, D.F. :
_bEl autor,
_c1971
300 _a54 h.
_b: ilus.
502 _aTesis (Biologo) -- IPN. Esc. Nac. de Ciencias Biológicas
590 _aALEPH
_b10
_c20130110
_lUCH01
_h1417
590 _aBATCH-UPD
_b10
_c20130110
_lUCH01
_h1942
590 _aBATCH-UPD
_b10
_c20130410
_lUCH01
_h1304
590 _aBATCH-UPD
_b10
_c20130914
_lUCH01
_h1738
590 _aCONVERSION
_b10
_c20130109
_lUCH01
_h1340
650 1 4 _aMadera
_xEstructura.
_969607
901 _aBK
942 _cLIBRO
949 _bBC
_cTES
_d-39596
_eLIBRO
_i84329
_si
999 _c73798
_d73798